LE DISQUE (bouguenais) - Statistiques

Statistiques générales
  • Ce quiz a été pris 8 fois
  • Le résultat moyen est 11 sur 12
Statistiques - réponses
Description Pseudo % Correct
Editeur de vidéos professionnelles, ayant une attirance pour les choses gênantes comme LOL, ou encore POE Coloh
100%
Ancien membre MIAM, il vient de faire son grand retour parmi les plus grands Groslardon
100%
Bandeur de waifu, passe son temps a $mChizuruMizuhara Kycklaf
100%
Personnage atypique souvent absent sur les vocales et pouvant faire son apparition de maniere homophobe. Lelio
100%
Homme n'ayant pas peur de dire la verite, rugueux et robuste mais doux au fond Lost
100%
Personnage attrayant, protagoniste du disque, ayant une connaissance très pointu sur les animes et mangas Neige
100%
Descendant d'une lignée royale, en permanence mute et en retard, vit probablement avec un décalage horaire de 3heures Rae
100%
Personnage non humain de type végétale régulièrement absent suite a sa photosynthèse Sko
100%
Antagoniste sombre, malveillant, susceptible, borné, ayant des gouts culinaires chapardesques Zo
100%
Personnage assez present sur le disque mais fantomatique dans les vocales discord, passe son temps à traumatiser Romeo Estrade Sucrealafraise
86%
Homme joyeux, travaillant pour ptileleleo en secret dans les mafias européennes de l'est Monkeydpistouille
71%
Membre très mystérieux et sombre gérant les cartels les plus importants du Mexique, contrôle Mudae en silence ptileleleo
71%
Aucun quiz correspondant
Distribution des résultats
% des personnes avec chaque résultat
Percentile par nombre de réponses
Votre historique - résultats
Vous n’avez pas pris ce quiz